[Event "San Vicente Terminal-B"]
[Site "Concepcion"]
[Date "2021.11.13"]
[Round "3"]
[White "Casanova Ceballos, Axel Nicolas"]
[Black "Rebolledo Arias, Julio Cesar"]
[Result "0-1"]
[WhiteElo "1763"]
[BlackElo "1942"]
[PlyCount "100"]
[EventDate "2021.11.13"]
[EventType "tourn"]
[EventRounds "5"]
[EventCountry "CHI"]
[SourceTitle "EXT 2023"]
[Source "ChessBase"]
[SourceDate "2022.10.05"]
[SourceVersion "1"]
[SourceVersionDate "2022.10.05"]
[SourceQuality "1"]

1. e4 c6 2. d4 d5 3. exd5 cxd5 4. c4 Nf6 5. Nc3 e6 6. Nf3 Be7 7. Bd3 0-0 8. 0-0 Nc6 9. Re1 Nb4 10. Be2 dxc4 11. Bxc4 a6 12. Bg5 b5 13. Bb3 Bb7 14. a3 Nbd5 15. Ne5 h6 16. Bh4 Nf4 17. f3 N4d5 18. Bc2 Re8 19. Bg3 Rc8 20. Qd3 Qb6 21. Nd7 Qd8 22. Ne5 b4 23. Ne4 bxa3 24. bxa3 Qa5 25. Rab1 Ba8 26. Nc4 Qd8 27. Ned6 Bxd6 28. Nxd6 Rc3 29. Qxa6 Rc6 30. Nxe8 Rxa6 31. Rb8 Qxe8 32. Rxe8+ Nxe8 33. Rb1 f5 34. Rb8 Kf7 35. a4 Bc6 36. Be5 Bxa4 37. Rb7+ Kg6 38. Bd3 Rb6 39. Ra7 Bb5 40. Bc2 Ra6 41. Rb7 Ra1+ 42. Kf2 Bc6 43. Rb2 Nef6 44. g4 Nc3 45. gxf5+ exf5 46. d5 Ncxd5 47. Kg3 Rg1+ 48. Kh4 Ne3 49. Bd3 Bxf3 50. Bg3 Ng2+ 0-1

[Event "Chillan op"]
[Site "Chillan"]
[Date "2017.08.13"]
[Round "5.6"]
[White "Casanova Ceballos, Axel Nicolas"]
[Black "Palma Neira, Eliseo Maximiliano"]
[Result "0-1"]
[WhiteElo "1566"]
[BlackElo "1974"]
[PlyCount "46"]
[EventDate "2017.08.12"]
[EventType "swiss"]
[EventRounds "6"]
[EventCountry "CHI"]
[SourceTitle "EXT 2024"]
[Source "ChessBase"]
[SourceDate "2023.10.10"]
[SourceVersion "1"]
[SourceVersionDate "2023.10.10"]
[SourceQuality "1"]

1. d4 d5 2. c4 c6 3. Nc3 Nf6 4. Nf3 e6 5. Bg5 dxc4 6. e4 b5 7. e5 h6 8. Bh4 g5 9. Nxg5 hxg5 10. Bxg5 Nbd7 11. Qf3 Bb7 12. exf6 Qb6 13. Qg4 0-0-0 14. a4 a6 15. axb5 axb5 16. Be2 c5 17. Bf3 cxd4 18. Bxb7+ Qxb7 19. Qxd4 Nc5 20. Qg4 Nd3+ 21. Ke2 Bc5 22. Be3 Bxe3 23. fxe3 Rhg8 0-1

[Event "Chillan op"]
[Site "Chillan"]
[Date "2017.08.12"]
[Round "2.4"]
[White "Casanova Ceballos, Axel Nicolas"]
[Black "Navarrete Sandoval, Francisco Javier"]
[Result "1-0"]
[WhiteElo "1596"]
[BlackElo "1892"]
[PlyCount "117"]
[EventDate "2017.08.12"]
[EventType "swiss"]
[EventRounds "6"]
[EventCountry "CHI"]
[SourceTitle "EXT 2024"]
[Source "ChessBase"]
[SourceDate "2023.10.10"]
[SourceVersion "1"]
[SourceVersionDate "2023.10.10"]
[SourceQuality "1"]

1. d4 Nf6 2. c4 g6 3. Nc3 Bg7 4. e4 d6 5. f4 0-0 6. Nf3 Na6 7. Be2 e5 8. d5 Nc5 9. Qc2 a5 10. 0-0 Bg4 11. Be3 exf4 12. Bxf4 Bxf3 13. Bxf3 Nfd7 14. Rae1 Bd4+ 15. Kh1 Be5 16. Bg4 Qh4 17. Qe2 h5 18. Bxd7 Bxf4 19. Bh3 Be5 20. Qf3 f5 21. exf5 Rxf5 22. Qe3 Raf8 23. Rxf5 Rxf5 24. Rg1 Qf2 25. Nd1 Qxe3 26. Nxe3 Rf2 27. Rf1 Rxb2 28. Be6+ Kg7 29. Rf7+ Kh6 30. h4 Rb1+ 31. Rf1 Rb2 32. Rf7 Rb1+ 33. Rf1 Rxf1+ 34. Nxf1 Bf4 35. Bc8 Kg7 36. Nh2 Bxh2 37. Kxh2 Kf6 38. Kg3 Ke5 39. Kf3 c6 40. Bxb7 cxd5 41. Bxd5 Nd3 42. Bf7 Kd4 43. Ke2 Ne5 44. Be8 Kxc4 45. Ke3 d5 46. Kf4 d4 47. Kxe5 d3 48. Bxg6 Kc3 49. Bxh5 d2 50. Bd1 Kb2 51. Bb3 Ka3 52. h5 a4 53. Bd1 Kb4 54. h6 a3 55. h7 Kc3 56. h8Q Kb2 57. Bb3 Ka1 58. Qh1+ Kb2 59. Qd1 1-0